<?xml version="1.0" encoding="UTF-8"?>
<record
    xmlns:xsi="http://www.w3.org/2001/XMLSchema-instance"
    xsi:schemaLocation="http://www.loc.gov/MARC21/slim http://www.loc.gov/standards/marcxml/schema/MARC21slim.xsd"
    xmlns="http://www.loc.gov/MARC21/slim">

  <leader>01563nam0a2200349 i 4500</leader>
  <controlfield tag="001">RU\NLR\BIBL_A\010449475</controlfield>
  <controlfield tag="005">20260405055354.0</controlfield>
  <datafield tag="010" ind1=" " ind2=" ">
    <subfield code="a">9785751612214</subfield>
    <subfield code="b">&#x422;&#x435;&#x43A;&#x441;&#x442;</subfield>
  </datafield>
  <datafield tag="010" ind1=" " ind2=" ">
    <subfield code="a">978-5-9953-0274-2</subfield>
    <subfield code="b">&#x41A;&#x43D;&#x438;&#x436;&#x43D;&#x438;&#x43A;&#x438;</subfield>
    <subfield code="9">2000</subfield>
  </datafield>
  <datafield tag="021" ind1=" " ind2=" ">
    <subfield code="a">RU</subfield>
    <subfield code="b">2014-41407</subfield>
    <subfield code="9">2522</subfield>
  </datafield>
  <datafield tag="035" ind1=" " ind2=" ">
    <subfield code="a">(NILC)RuMoRGB-007505546</subfield>
  </datafield>
  <datafield tag="035" ind1=" " ind2=" ">
    <subfield code="a">(NLR Aleph) 010449475</subfield>
  </datafield>
  <datafield tag="090" ind1=" " ind2=" ">
    <subfield code="a">9921421</subfield>
    <subfield code="c">9921421</subfield>
  </datafield>
  <datafield tag="100" ind1=" " ind2=" ">
    <subfield code="a">20140807d2014    um y0rusy50      ca</subfield>
  </datafield>
  <datafield tag="101" ind1="1" ind2=" ">
    <subfield code="a">rus</subfield>
    <subfield code="c">heb</subfield>
  </datafield>
  <datafield tag="102" ind1=" " ind2=" ">
    <subfield code="a">RU</subfield>
  </datafield>
  <datafield tag="105" ind1=" " ind2=" ">
    <subfield code="a">y|||z|||000fy</subfield>
  </datafield>
  <datafield tag="200" ind1="1" ind2=" ">
    <subfield code="a">&#x41F;&#x43E;&#x434; &#x437;&#x43D;&#x430;&#x43A;&#x43E;&#x43C; &#x420;&#x44B;&#x431;</subfield>
    <subfield code="e">&#x440;&#x430;&#x441;&#x441;&#x43A;&#x430;&#x437;&#x44B;</subfield>
    <subfield code="f">&#x428;&#x43C;&#x443;&#x44D;&#x43B;&#x44C;-&#x419;&#x43E;&#x441;&#x435;&#x444; &#x410;&#x433;&#x43D;&#x43E;&#x43D;</subfield>
    <subfield code="g">&#x43F;&#x435;&#x440;. &#x441; &#x438;&#x432;&#x440;&#x438;&#x442;&#x430; &#x420;&#x430;&#x444;&#x430;&#x438;&#x43B;&#x430; &#x41D;&#x443;&#x434;&#x435;&#x43B;&#x44C;&#x43C;&#x430;&#x43D;&#x430; &#x438; &#x410;&#x43B;&#x43B;&#x44B; &#x424;&#x443;&#x440;&#x43C;&#x430;&#x43D;</subfield>
  </datafield>
  <datafield tag="210" ind1=" " ind2=" ">
    <subfield code="a">&#x41C;&#x43E;&#x441;&#x43A;&#x432;&#x430;</subfield>
    <subfield code="c">&#x422;&#x435;&#x43A;&#x441;&#x442;</subfield>
    <subfield code="c">&#x41A;&#x43D;&#x438;&#x436;&#x43D;&#x438;&#x43A;&#x438;</subfield>
    <subfield code="d">2014</subfield>
  </datafield>
  <datafield tag="215" ind1=" " ind2=" ">
    <subfield code="a">348, [3] &#x441;.</subfield>
    <subfield code="d">17</subfield>
  </datafield>
  <datafield tag="225" ind1="1" ind2=" ">
    <subfield code="a">&#x41F;&#x440;&#x43E;&#x437;&#x430; &#x435;&#x432;&#x440;&#x435;&#x439;&#x441;&#x43A;&#x43E;&#x439; &#x436;&#x438;&#x437;&#x43D;&#x438;</subfield>
  </datafield>
  <datafield tag="300" ind1=" " ind2=" ">
    <subfield code="a">&#x417;&#x430;&#x433;&#x43B;. &#x438; &#x430;&#x432;&#x442;. &#x442;&#x430;&#x43A;&#x436;&#x435; &#x43D;&#x430; &#x438;&#x432;&#x440;&#x438;&#x442;&#x435;</subfield>
  </datafield>
  <datafield tag="327" ind1="1" ind2=" ">
    <subfield code="a">&#x421;&#x43E;&#x434;&#x435;&#x440;&#x436;.: &#x420;&#x430;&#x437;&#x432;&#x43E;&#x434; &#x434;&#x43E;&#x43A;&#x442;&#x43E;&#x440;&#x430;; &#x421; &#x43A;&#x432;&#x430;&#x440;&#x442;&#x438;&#x440;&#x44B; &#x43D;&#x430; &#x43A;&#x432;&#x430;&#x440;&#x442;&#x438;&#x440;&#x443;; &#x41F;&#x435;&#x441;&#x447;&#x430;&#x43D;&#x44B;&#x439; &#x445;&#x43E;&#x43B;&#x43C;; &#x426;&#x435;&#x43B;&#x430;&#x44F; &#x431;&#x443;&#x445;&#x430;&#x43D;&#x43A;&#x430;; &#x41F;&#x438;&#x441;&#x44C;&#x43C;&#x43E;; &#x414;&#x43E;&#x43A;&#x443;&#x43C;&#x435;&#x43D;&#x442;; &#x41A; &#x434;&#x43E;&#x43A;&#x442;&#x43E;&#x440;&#x443;; &#x41F;&#x43E;&#x434; &#x437;&#x43D;&#x430;&#x43A;&#x43E;&#x43C; &#x420;&#x44B;&#x431;; &#x412;&#x435;&#x447;&#x43D;&#x44B;&#x439; &#x43C;&#x438;&#x440;; &#x41D;&#x430;&#x432;&#x441;&#x435;&#x433;&#x434;&#x430;</subfield>
  </datafield>
  <datafield tag="686" ind1="1" ind2=" ">
    <subfield code="a">&#x428;6(5&#x418;)07-440.4(&#x41B;&#x445;2070)</subfield>
  </datafield>
  <datafield tag="700" ind1=" " ind2="1">
    <subfield code="8">rus</subfield>
    <subfield code="7">ca</subfield>
    <subfield code="a">&#x410;&#x433;&#x43D;&#x43E;&#x43D;</subfield>
    <subfield code="b">&#x428;. &#x419;.</subfield>
    <subfield code="f">1888-1970</subfield>
    <subfield code="g">&#x428;&#x43C;&#x443;&#x44D;&#x43B;&#x44C; &#x419;&#x43E;&#x441;&#x435;&#x444;</subfield>
    <subfield code="3">RU\NLR\auth\7718906</subfield>
    <subfield code="9">1982</subfield>
  </datafield>
  <datafield tag="702" ind1=" " ind2="1">
    <subfield code="a">&#x41D;&#x443;&#x434;&#x435;&#x43B;&#x44C;&#x43C;&#x430;&#x43D;</subfield>
    <subfield code="b">&#x420;. &#x418;.</subfield>
    <subfield code="f">1931-</subfield>
    <subfield code="g">&#x420;&#x430;&#x444;&#x430;&#x438;&#x43B; &#x418;&#x43B;&#x44C;&#x438;&#x447;</subfield>
    <subfield code="4">730</subfield>
  </datafield>
  <datafield tag="801" ind1=" " ind2="0">
    <subfield code="a">RU</subfield>
    <subfield code="b">&#x420;&#x413;&#x411;</subfield>
    <subfield code="c">20140610</subfield>
    <subfield code="g">RCR</subfield>
  </datafield>
  <datafield tag="942" ind1=" " ind2=" ">
    <subfield code="c">BOOK</subfield>
  </datafield>
  <datafield tag="980" ind1=" " ind2=" ">
    <subfield code="a">NBR</subfield>
  </datafield>
</record>
